|
|
|
|
| LEADER |
00000nab a2200000 a 4500 |
| 001 |
vtls000781258 |
| 003 |
SK-MaSNL |
| 005 |
20260303190442.0 |
| 008 |
140423c2001 xo 0 slo |
| 015 |
|
|
|a SNBRB2002/02-04354
|
| 035 |
|
|
|a CLN000132992
|
| 040 |
|
|
|a SNKBUCL
|b slo
|c SNKBUCL
|e AACR2
|
| 041 |
0 |
|
|a slo
|
| 044 |
|
|
|a xo
|c SK
|
| 080 |
|
|
|a 78.087.684
|2 1997
|
| 100 |
1 |
|
|a Palovčík, Michal,
|d 1921-2002
|4 aut
|9 105075
|
| 245 |
1 |
0 |
|a Jubilujúci spevácky zbor
|c Michal Palovčík
|
| 300 |
|
|
|b Fotogr.
|
| 610 |
|
7 |
|a Spevácky zbor mesta Bratislavy
|2 snkbucl
|9 34244
|
| 655 |
|
7 |
|a články z novín a časopisov
|2 snkbucl
|9 267496
|
| 773 |
0 |
|
|t Literárny týždenník
|g Roč. 14, č. 37 (2001), s. 11
|x 0862-5999
|
| 850 |
|
|
|a Slovenská národná knižnica v Martine
|
| 852 |
|
|
|a SNK
|b KIS3GCP
|
| 958 |
|
|
|a SK
|
| 992 |
|
|
|a RBX
|
| 999 |
|
|
|c 2136313
|d 2138243
|